<?xml version="1.0" encoding="UTF-8"?>
<record
    xmlns:xsi="http://www.w3.org/2001/XMLSchema-instance"
    xsi:schemaLocation="http://www.loc.gov/MARC21/slim http://www.loc.gov/standards/marcxml/schema/MARC21slim.xsd"
    xmlns="http://www.loc.gov/MARC21/slim">

  <leader>02850cam a2200421 a 4500</leader>
  <datafield tag="999" ind1=" " ind2=" ">
    <subfield code="c">27230</subfield>
    <subfield code="d">27230</subfield>
  </datafield>
  <controlfield tag="006">m     o  d        </controlfield>
  <controlfield tag="007">cr cnu---unuuu</controlfield>
  <controlfield tag="008">071019s2003    ne a    ob    001 0 eng d</controlfield>
  <datafield tag="020" ind1=" " ind2=" ">
    <subfield code="a">9780080542249</subfield>
    <subfield code="q">(electronic bk.)</subfield>
  </datafield>
  <datafield tag="020" ind1=" " ind2=" ">
    <subfield code="a">0080542247</subfield>
    <subfield code="q">(electronic bk.)</subfield>
  </datafield>
  <datafield tag="040" ind1=" " ind2=" ">
    <subfield code="a">N$T</subfield>
    <subfield code="b">eng</subfield>
    <subfield code="e">pn</subfield>
  </datafield>
  <datafield tag="072" ind1=" " ind2="7">
    <subfield code="a">HEA</subfield>
    <subfield code="x">021000</subfield>
    <subfield code="2">bisacsh</subfield>
  </datafield>
  <datafield tag="072" ind1=" " ind2="7">
    <subfield code="a">VK</subfield>
    <subfield code="2">lcco</subfield>
  </datafield>
  <datafield tag="082" ind1="0" ind2="4">
    <subfield code="a">363.12/37</subfield>
    <subfield code="2">22</subfield>
  </datafield>
  <datafield tag="100" ind1="1" ind2=" ">
    <subfield code="a">Pillay, Anand.</subfield>
  </datafield>
  <datafield tag="245" ind1="1" ind2="0">
    <subfield code="a">Technology and safety of marine systems /</subfield>
  </datafield>
  <datafield tag="260" ind1=" " ind2=" ">
    <subfield code="a">Amsterdam ;</subfield>
    <subfield code="a">Boston :</subfield>
    <subfield code="b">Elsevier Science,</subfield>
    <subfield code="c">2003.</subfield>
  </datafield>
  <datafield tag="300" ind1=" " ind2=" ">
    <subfield code="a">1 online resource (320 pages) :</subfield>
    <subfield code="b">illustrations</subfield>
  </datafield>
  <datafield tag="490" ind1="1" ind2=" ">
    <subfield code="a">Elsevier ocean engineering book series ;</subfield>
    <subfield code="v">v. 7</subfield>
  </datafield>
  <datafield tag="504" ind1=" " ind2=" ">
    <subfield code="a">Includes bibliographical references and index.</subfield>
  </datafield>
  <datafield tag="505" ind1="0" ind2=" ">
    <subfield code="a">Introduction -- Ship safety and accident statistics -- Safety analysis techniques -- Formal safety assessment of ships and its relation to offshore safety case approach -- Formal safety assessment -- Risk assessment using fuzzy set approach -- Modified failure mode and effects analysis -- Maintenance modelling -- Human error assessment and decision making using analystical hierarchy processing -- Three novel risk modelling and decision making techniques -- Conclusions -- Appendix 1. Code of practice for small fishing vessels -- Appendix 2. Fishing vessel (safety provisions) safety rules 1975 -- Influence diagram.</subfield>
  </datafield>
  <datafield tag="520" ind1=" " ind2=" ">
    <subfield code="a">Traditionally society has regulated hazardous industries by detailed references to engineering codes, standards and hardware requirements. These days a risk-based approach is adopted. Risk analysis involves identifying hazards, categorizing the risks, and providing the necessary decision support to determine the necessary arrangements and measures to reach a "safe" yet economical operating level. When adopting such an approach the abundance of techniques available to express risk levels can often prove confusing and inadequate. This highly practical guide to safety and risk analysis</subfield>
  </datafield>
  <datafield tag="650" ind1=" " ind2="0">
    <subfield code="a">Ships</subfield>
    <subfield code="x">Safety measures.</subfield>
  </datafield>
  <datafield tag="650" ind1=" " ind2="0">
    <subfield code="a">Ships</subfield>
    <subfield code="x">Safety regulations.</subfield>
  </datafield>
  <datafield tag="650" ind1=" " ind2="0">
    <subfield code="a">Ships</subfield>
    <subfield code="x">Inspection.</subfield>
  </datafield>
  <datafield tag="650" ind1=" " ind2="6">
    <subfield code="a">Navires</subfield>
    <subfield code="x">S&#xFFFD;ecurit&#xFFFD;e</subfield>
    <subfield code="x">R&#xFFFD;eglements.</subfield>
  </datafield>
  <datafield tag="650" ind1=" " ind2="6">
    <subfield code="a">Navires</subfield>
    <subfield code="x">Inspection.</subfield>
  </datafield>
  <datafield tag="650" ind1=" " ind2="7">
    <subfield code="a">HEALTH &amp; FITNESS</subfield>
    <subfield code="x">Safety.</subfield>
    <subfield code="2">bisacsh</subfield>
  </datafield>
  <datafield tag="650" ind1=" " ind2="7">
    <subfield code="a">Ships</subfield>
    <subfield code="x">Inspection.</subfield>
    <subfield code="2">fast</subfield>
  </datafield>
  <datafield tag="650" ind1=" " ind2="7">
    <subfield code="a">Ships</subfield>
    <subfield code="x">Safety measures.</subfield>
    <subfield code="2">fast</subfield>
  </datafield>
  <datafield tag="650" ind1=" " ind2="7">
    <subfield code="a">Ships</subfield>
    <subfield code="x">Safety regulations.</subfield>
    <subfield code="2">fast</subfield>
  </datafield>
  <datafield tag="700" ind1="1" ind2=" ">
    <subfield code="a">Wang, J.</subfield>
    <subfield code="q">(Jin)</subfield>
  </datafield>
  <datafield tag="776" ind1="0" ind2="8">
    <subfield code="i">Print version:</subfield>
    <subfield code="a">Pillay, Anand.</subfield>
    <subfield code="t">Technology and safety of marine systems.</subfield>
    <subfield code="d">Amsterdam ; Boston : Elsevier Science, 2003</subfield>
    <subfield code="z">0080441483</subfield>
    <subfield code="z">9780080441481</subfield>
    <subfield code="w">(DLC)  2003049208</subfield>
    <subfield code="w">(OCoLC)52377584</subfield>
  </datafield>
  <datafield tag="830" ind1=" " ind2="0">
    <subfield code="a">Elsevier ocean engineering book series ;</subfield>
    <subfield code="v">v. 7.</subfield>
  </datafield>
  <datafield tag="856" ind1="4" ind2="0">
    <subfield code="u">https://www.sciencedirect.com/science/book/9780080441481</subfield>
  </datafield>
  <datafield tag="856" ind1="4" ind2="0">
    <subfield code="u">https://www.sciencedirect.com/science/bookseries/15719952/7</subfield>
  </datafield>
  <datafield tag="942" ind1=" " ind2=" ">
    <subfield code="c">EBK</subfield>
  </datafield>
</record>
